| 000 | 00496nam a2200133 a 4500 | ||
|---|---|---|---|
| 008 | 120416s1976 ||||||||||||||||| || u | ||
| 050 | _aNA 1501 Bro | ||
| 100 | _aBrown, Percy | ||
| 245 | 1 | 0 | _aIndian architecture (Buddhist and Hindu periods) |
| 260 |
_aBombay _bD. B. Taraporevala _c1976 |
||
| 300 | _axiv, 216p. : ill. | ||
| 350 | _a0.00 | ||
| 995 |
_D0.00 _FCBU-MAIN LIBRARY (Kitwe) _H1 _I0.00 _M1 _UAVAILABLE _ZMain Library Open Access Collection |
||
| 999 |
_c46639 _d46639 |
||